书目信息 |
| 题名: |
蜂产品保健原理与加工技术
|
|
| 作者: | 曹炜 , 尉亚辉 编著 | |
| 分册: | ||
| 出版信息: | 北京 化学工业出版社 2002 |
|
| 页数: | 361页 | |
| 开本: | 20cm | |
| 丛书名: | ||
| 单 册: | ||
| 中图分类: | S896 | |
| 科图分类: | ||
| 主题词: | 蜂产品--保健--基本知识 , 蜂产品--加工 | |
| 电子资源: | ||
| ISBN: | 7-5025-3989-1 | |
| 000 | 00657nam0 2200217 45 | |
| 001 | 0309171610 | |
| 005 | 20031219104115.1 | |
| 010 | @a7-5025-3989-1@dCNY26.00 | |
| 100 | @a20030917d2002 km y0chiy0120 ea | |
| 101 | 0 | @achi |
| 105 | @aa z 000yy | |
| 200 | 1 | @a蜂产品保健原理与加工技术@AFeng Chan Pin Bao Jian Yuan Li Yu Jia Gong Ji Shu@f曹炜,尉亚辉编著@FCao Wei,Wei Ya Hui Bian Zhu |
| 210 | @a北京@c化学工业出版社@d2002 | |
| 215 | @a361页@c图@d20cm | |
| 606 | 0 | @a蜂产品@x保健@x基本知识 |
| 606 | 0 | @a蜂产品@x加工 |
| 690 | @aS896@v4 | |
| 701 | 0 | @a曹炜@4编著 |
| 701 | 0 | @a尉亚辉@4编著 |
| 801 | @aCN@bTSTC@c20030917 | |
| 905 | @b325658-659@dS896@e19@f2 | |
| 蜂产品保健原理与加工技术/曹炜,尉亚辉编著.-北京:化学工业出版社,2002 |
| 361页:图;20cm |
| ISBN 7-5025-3989-1:CNY26.00 |
| ● |
| 相关链接 |
|
|
|
|
正题名:蜂产品保健原理与加工技术
索取号:S896/19
 
预约/预借
| 序号 | 登录号 | 条形码 | 馆藏地/架位号 | 状态 | 备注 |
| 1 | 0325658 | 203256582 | 第三借阅区/ [索取号:S896/19] | 在馆 | |
| 2 | 0325659 | 203256591 | 第二样本阅览室/ [索取号:S896/19] | 在馆 |